| 000 | 01126nam a2200313 i 4500 | ||
|---|---|---|---|
| 001 | 000008966 | ||
| 003 | DO-SdBNP | ||
| 005 | 20260417134427.0 | ||
| 007 | ta | ||
| 008 | 090922s1980 dr r 000 p spa d | ||
| 040 |
_aDO-SdBNP _bspa _cBNPHU _erda |
||
| 041 | _aspa | ||
| 082 | 4 |
_aRD861.08 _bN964c _222 |
|
| 100 |
_aNúñez, Apolinar, _eautor _4aut. _914150 |
||
| 245 | 1 | 0 |
_aCuentos y poesías de hispanoamérica / _cintroducción, notas y selección ; Apolinar Nuñez, Carlos Fernández Rocha. |
| 264 | 1 |
_aSantiago, República Dominicana : _bUniversidad Caólica Madre y Maestra, _c1980. |
|
| 300 |
_a162 páginas ; _c24 cm. |
||
| 336 |
_atexto _btxt _2rdacontent |
||
| 337 |
_asin mediación _bn _2rdamedia |
||
| 338 |
_avolumen _bnc _2rdacarrier |
||
| 490 | 0 | _aColección Textos | |
| 500 | _aIncluye referencias bibliográficas y notas al pie de las páginas | ||
| 590 | _aInventariado, 2018/BT | ||
| 650 | 4 |
_aPoesía hispanoamericana _98160 |
|
| 650 | 4 |
_aCuentos hispanoamericanos _99678 |
|
| 700 | 1 | 2 |
_aFernández Rocha, Carlos, _eautor _4aut. _96526 |
| 910 | _aValidado. Control de calidad. MFF | ||
| 942 |
_2ddc _cLBS1 |
||
| 999 |
_c8730 _d8730 |
||